[Event "Budapest FS08 GM"]
[Site "Budapest"]
[Date "2012.08.08"]
[Round "5"]
[White "Bagi, Mate"]
[Black "Purnama, Tirta Chandra"]
[Result "1/2-1/2"]
[WhiteElo "2328"]
[BlackElo "2384"]
[PlyCount "29"]
[EventDate "2012.08.04"]
[EventType "tourn"]
[EventRounds "9"]
[EventCountry "HUN"]
[EventCategory "8"]
[SourceTitle "CBM 149 Extra"]
[Source "ChessBase"]
[SourceDate "2012.08.24"]
[SourceVersion "1"]
[SourceVersionDate "2012.08.24"]
[SourceQuality "1"]

1. e4 e5 2. Nf3 Nc6 3. d4 exd4 4. Nxd4 Bc5 5. Nb3 Bb6 6. Nc3 Qf6 7. Qe2 Nge7 8. Be3 d6 9. 0-0-0 Be6 10. Qd2 0-0-0 11. Nd5 Qg6 12. Bxb6 axb6 13. f3 Rhe8 14. Bb5 Bd7 15. Rhe1 1/2-1/2

[Event "Budapest FS08 GM"]
[Site "Budapest"]
[Date "2012.08.07"]
[Round "4"]
[White "Purnama, Tirta Chandra"]
[Black "Toth, Ervin"]
[Result "1-0"]
[WhiteElo "2384"]
[BlackElo "2466"]
[PlyCount "111"]
[EventDate "2012.08.04"]
[EventType "tourn"]
[EventRounds "9"]
[EventCountry "HUN"]
[EventCategory "8"]
[SourceTitle "CBM 149 Extra"]
[Source "ChessBase"]
[SourceDate "2012.08.24"]
[SourceVersion "1"]
[SourceVersionDate "2012.08.24"]
[SourceQuality "1"]

1. d4 g6 2. c4 Bg7 3. Nc3 d6 4. g3 Nf6 5. Bg2 0-0 6. Nf3 Nbd7 7. 0-0 e5 8. e4 exd4 9. Nxd4 Re8 10. Re1 Nc5 11. h3 c6 12. Bf4 Nh5 13. Be3 a5 14. Qd2 Qb6 15. Rab1 Nf6 16. Bf4 Rd8 17. Rbd1 Nfd7 18. Be3 Ne5 19. Qe2 Qb4 20. f4 Nxc4 21. a3 Nxa3 22. Na2 Qa4 23. bxa3 Qxa3 24. e5 Ne6 25. exd6 Bf8 26. Rd3 Qxd6 27. Red1 Qe7 28. Nc3 a4 29. Nxe6 Rxd3 30. Qxd3 Bxe6 31. Bd4 Rd8 32. Qe3 Bb3 33. Ne4 Bg7 34. Rd2 Bxd4 35. Rxd4 Bd5 36. Qc3 Bxe4 37. Rxe4 Qd6 38. Kh2 b5 39. f5 c5 40. fxg6 hxg6 41. Rh4 f6 42. Qe3 g5 43. Re4 Kf7 44. Qe2 c4 45. Qf3 Kg6 46. Re3 Rf8 47. Qb7 Rb8 48. Be4+ f5 49. Bxf5+ Kf6 50. Qf3 Kg7 51. Qh5 Qf6 52. Qh7+ Kf8 53. Rf3 Qb2+ 54. Bc2+ Ke8 55. Rf2 Qd4 56. Bg6+ 1-0

[Event "Budapest FS08 GM"]
[Site "Budapest"]
[Date "2012.08.05"]
[Round "2"]
[White "Purnama, Tirta Chandra"]
[Black "Varga, Zoltan"]
[Result "1-0"]
[WhiteElo "2384"]
[BlackElo "2476"]
[PlyCount "63"]
[EventDate "2012.08.04"]
[EventType "tourn"]
[EventRounds "9"]
[EventCountry "HUN"]
[EventCategory "8"]
[SourceTitle "CBM 149 Extra"]
[Source "ChessBase"]
[SourceDate "2012.08.24"]
[SourceVersion "1"]
[SourceVersionDate "2012.08.24"]
[SourceQuality "1"]

1. d4 d5 2. Nf3 c6 3. c4 dxc4 4. e4 b5 5. a4 Nf6 6. axb5 Nxe4 7. bxc6 Nxc6 8. d5 e6 9. dxc6 Qxd1+ 10. Kxd1 Nxf2+ 11. Kc2 Nxh1 12. Be3 a5 13. Bxc4 Bb4 14. Nbd2 Ba6 15. Rxh1 Ke7 16. Rc1 Rhc8 17. Nd4 g6 18. Kb1 e5 19. N4f3 f6 20. Bd5 Kd6 21. Bb3 Bd3+ 22. Bc2 Bb5 23. Rd1 Ke7 24. g4 Be2 25. Rg1 Rab8 26. Be4 Ba3 27. Ka2 Bxb2 28. Rb1 Bc3 29. Rb7+ Ke6 30. Bc5 Re8 31. Rd7 Bxf3 32. Nxf3 1-0

[Event "Jakarta Indonesia op 1st"]
[Site "Jakarta"]
[Date "2011.10.17"]
[Round "6"]
[White "Shabalov, Alexander"]
[Black "Purnama, Tirta Chandra"]
[Result "1-0"]
[WhiteElo "2529"]
[BlackElo "2368"]
[PlyCount "73"]
[EventDate "2011.10.13"]
[EventType "swiss"]
[EventRounds "9"]
[EventCountry "INA"]
[SourceTitle "EXT 2012"]
[Source "ChessBase"]
[SourceDate "2011.11.24"]
[SourceVersion "1"]
[SourceVersionDate "2011.11.24"]
[SourceQuality "1"]

1. c4 Nf6 2. Nc3 g6 3. g3 d5 4. cxd5 Nxd5 5. Bg2 Nb6 6. h4 h5 7. Nf3 Bg7 8. 0-0 Nc6 9. d3 Nd4 10. Nxd4 Bxd4 11. a4 a5 12. Nb5 Bf6 13. Bf4 e5 14. Be3 c6 15. Bxb6 Qxb6 16. Nd6+ Ke7 17. Nc4 Qc5 18. Rc1 Be6 19. Nd2 Qb4 20. Qc2 Rhd8 21. Ne4 Ra6 22. f4 Rb6 23. e3 Bg7 24. fxe5 Bxe5 25. d4 Bg7 26. Ng5 Rd6 27. d5 Bf5 28. Rxf5 gxf5 29. Qxf5 Bf6 30. Ne4 Qxb2 31. Nxd6 Qxc1+ 32. Kh2 Rb4 33. Nc8+ Kd8 34. Qxf6+ Kxc8 35. d6 Qd2 36. Qe7 Kb8 37. d7 1-0

[Event "Jakarta Indonesia op 1st"]
[Site "Jakarta"]
[Date "2011.10.14"]
[Round "2"]
[White "Kotanjian, Tigran"]
[Black "Purnama, Tirta Chandra"]
[Result "0-1"]
[WhiteElo "2546"]
[BlackElo "2368"]
[PlyCount "114"]
[EventDate "2011.10.13"]
[EventType "swiss"]
[EventRounds "9"]
[EventCountry "INA"]
[SourceTitle "EXT 2012"]
[Source "ChessBase"]
[SourceDate "2011.11.24"]
[SourceVersion "1"]
[SourceVersionDate "2011.11.24"]
[SourceQuality "1"]

1. d4 Nf6 2. c4 g6 3. Nc3 Bg7 4. e4 d6 5. Nf3 0-0 6. Be2 Bg4 7. 0-0 Nfd7 8. d5 Na6 9. Bd2 c6 10. h3 Bxf3 11. Bxf3 Qb6 12. b3 Qd4 13. Qe2 Ne5 14. Rfd1 f5 15. exf5 Nxf3+ 16. Qxf3 Rxf5 17. Qe2 Raf8 18. Be1 Qf4 19. Rd3 Be5 20. g3 Qh6 21. Rad1 Nb4 22. Re3 Qxh3 23. f4 Rh5 24. Qg2 Bxf4 25. Rxe7 Be5 26. Qxh3 Rxh3 27. Ne4 Nc2 28. Bf2 c5 29. Bxc5 Bxg3 30. Kg2 Bh4 31. Re6 Rff3 32. Bxa7 Ne1+ 33. Kg1 Nd3 34. Bd4 g5 35. Re8+ Kf7 36. Nxd6+ Kg6 37. Ne4 Nf4 38. Rd2 Rd3 39. d6 g4 40. Rxd3 Rxd3 41. Bf2 Nh3+ 42. Kg2 Nxf2 43. Nxf2 Rd2 44. Rg8+ Kh5 45. Rf8 g3 46. Rf5+ Kg6 47. Rf4 Rxf2+ 48. Rxf2 gxf2 49. c5 Kf7 50. b4 Ke6 51. a4 Kd5 52. a5 Kc6 53. Kf1 Kb5 54. Kg2 Kc6 55. Kf1 Bg3 56. Kg2 h5 57. b5+ Kxb5 0-1

[Event "Jakarta Indonesia op 1st"]
[Site "Jakarta"]
[Date "2011.10.14"]
[Round "3"]
[White "Purnama, Tirta Chandra"]
[Black "Mareco, Sandro"]
[Result "1/2-1/2"]
[WhiteElo "2368"]
[BlackElo "2597"]
[PlyCount "50"]
[EventDate "2011.10.13"]
[EventType "swiss"]
[EventRounds "9"]
[EventCountry "INA"]
[SourceTitle "EXT 2012"]
[Source "ChessBase"]
[SourceDate "2011.11.24"]
[SourceVersion "1"]
[SourceVersionDate "2011.11.24"]
[SourceQuality "1"]

1. d4 Nf6 2. c4 e6 3. g3 d5 4. Nf3 Be7 5. Bg2 0-0 6. 0-0 dxc4 7. Qc2 b5 8. a4 b4 9. Nbd2 Bb7 10. Nxc4 Be4 11. Qd1 c5 12. dxc5 Nbd7 13. Nd6 Bd5 14. Be3 Nxc5 15. Bxc5 Bxd6 16. Qd4 Bxc5 17. Qxc5 Ne4 18. Qxb4 Rb8 19. Qd4 Qa5 20. Ne5 Rb4 21. Qe3 Rxa4 22. Rac1 Rb4 23. Ra1 Ra4 24. Rac1 Rb4 25. Ra1 Ra4 1/2-1/2

[Event "Universiad Men 26th"]
[Site "Shenzhen"]
[Date "2011.08.21"]
[Round "9"]
[White "Looi, Xin Hao"]
[Black "Purnama, Tirta Chandra"]
[Result "0-1"]
[WhiteElo "2001"]
[BlackElo "2379"]
[PlyCount "80"]
[EventDate "2011.08.15"]
[EventType "swiss"]
[EventRounds "9"]
[EventCountry "CHN"]
[SourceTitle "CBM 143 Extra"]
[Source "ChessBase"]
[SourceDate "2011.08.29"]
[SourceVersion "1"]
[SourceVersionDate "2011.08.29"]
[SourceQuality "1"]

1. d4 Nf6 2. c4 g6 3. Nc3 Bg7 4. e4 d6 5. f3 0-0 6. Nge2 Nc6 7. Be3 a6 8. Qd2 Rb8 9. Rc1 Bd7 10. Ng3 e5 11. d5 Nd4 12. Nce2 c5 13. dxc6 Nxc6 14. Nc3 Be6 15. Be2 Nd4 16. 0-0 b5 17. cxb5 h5 18. bxa6 h4 19. Nh1 Qa5 20. Nf2 Rfc8 21. a7 Qxa7 22. Nb5 Nxe2+ 23. Qxe2 Qxa2 24. Rxc8+ Bxc8 25. Ba7 Rxb5 26. Qxb5 Qxa7 27. Rc1 Bd7 28. Qb3 Bh6 29. Re1 Bd2 30. Re2 Ba5 31. Kh1 Qd4 32. g4 Bb6 33. Kg2 Kg7 34. Qc2 Be6 35. Rd2 Qb4 36. Qd3 d5 37. Qe2 dxe4 38. Nxe4 Nxe4 39. fxe4 Bxg4 40. Qd3 Qc5 0-1